Revista diocesana / (Record no. 22030)

000 -CABECERA
fixed length control field 01043nam a22002177a 4500
003 - IDENTIFICADOR DEL NÚMERO DE CONTROL
control field AR-CdUCM
008 - DATOS DE LONGITUD FIJA--INFORMACIÓN GENERAL
fixed length control field 190425b ||||| |||| 00| 0 spa d
040 ## - FUENTE DE LA CATALOGACIÓN
Agencia/entidad que catalogó originalmente la obra MUNICIPALIDAD PROVINCIAL DEL CUSCO
Entidad que transcribió la catalogación BIBLIOTECA MUNICIPAL DEL CUSCO
082 ## - NÚMERO DE LA CLASIFICACIÓN DECIMAL DEWEY
No. de Clasificación Rev.DIO/N°3/1936
245 ## - MENCIÓN DE TÍTULO
Título Revista diocesana /
260 ## - PUBLICACIÓN, DISTRIBUCIÓN, ETC.
Lugar de publicación, distribución, etc. Cusco :
Nombre de la editorial, distribuidor, etc. Talleres Cusco Imperial,
Fecha de publicación, distribución, etc. 1936.
300 ## - DESCRIPCIÓN FÍSICA
Nº de Páginas Extensión 47 páginas. :
Dimensiones 20 cm.
440 ## - MENCIÓN DE SERIE/PUNTO DE ACCESO ADICIONAL--TÍTULO
Título Revista Diocesana.
Número de la parte/sección de una obra Año I, N°3. 1936
9 (RLIN) 47203
505 ## - NOTA DE CONTENIDO CON FORMATO
Nota de contenido formateada Contenido: Encíclica sobre el sacerdocio católico a los patriarcas primados, arzobispados, obispos y otros ordinarios en paz y comunión con la sede Apostólica. -- Importante documentos para la historia eclesiástica del Cusco. las bulas por las que se instituye obispo del Cusco a Don Fray Vicente de Valverde de la orden predicadores. -- El santo crucifijo en su sitio de honor...
650 ## - PUNTO DE ACCESO ADICIONAL DE MATERIA--TÉRMINO DE MATERIA
Descriptor Diócesis del Cusco
9 (RLIN) 46738
650 ## - PUNTO DE ACCESO ADICIONAL DE MATERIA--TÉRMINO DE MATERIA
Descriptor Catolicismo
9 (RLIN) 2175
650 ## - PUNTO DE ACCESO ADICIONAL DE MATERIA--TÉRMINO DE MATERIA
Descriptor Catecismo
9 (RLIN) 24778
700 ## - PUNTO DE ACCESO ADICIONAL--NOMBRE DE PERSONA
Nombre Personal Recharte, José Ángel
9 (RLIN) 46739
942 ## - ELEMENTOS DE PUNTO DE ACCESO ADICIONAL (KOHA)
Fuente de clasificación
Tipo de item Revistas cusqueñas
945 ## - PROCESAMIENTO DE INFORMACIÓN LOCAL (OCLC)
Catalogador rac
Holdings
Estado de retiro (separado) Fuente de clasificación o esquema de estanterías Estado dañado Ubicación Sala donde se ubica Nombre de la colección Fecha de adquisición o compra Costo, precio normal en soles Signatura topográfica Código de Barras Última vez visto (Koha) Tipo de ítem (Koha)
No     Sala Hemeroteca Sala Hemeroteca Book Cart 2022-02-14 5.00 Rev.DIO/N°3/1936 REVC000593 2022-02-14 Revistas cusqueñas

Powered by Koha